Publicación y juramento de la Carta otorgada de Bayona por el Consejo de Castilla (Registro nro. 118675)

Detalles MARC
000 -LEADER
campo de control de longitud fija 00588nam a2200181 4500
001 - NÚMERO DE CONTROL
campo de control 118675
003 - IDENTIFICADOR DE NÚMERO DE CONTROL
campo de control ES-MaACL
005 - FECHA Y HORA DE LA ÚLTIMA TRANSACCIÓN
campo de control 20230906191141.0
007 - CAMPO FIJO DE DESCRIPCIÓN FÍSICA--INFORMACIÓN GENERAL
campo de control de longitud fija t|
008 - DATOS DE LONGITUD FIJA--INFORMACIÓN GENERAL
campo de control de longitud fija 070214s1911 sp r ||||1| spa d
100 1# - ENTRADA PRINCIPAL--NOMBRE DE PERSONA
Nombre de persona Pérez Bua, Manuel.
9 (RLIN) 90679
245 10 - MENCIÓN DEL TÍTULO
Título Publicación y juramento de la Carta otorgada de Bayona por el Consejo de Castilla
Resto del título : bibliografía y documentos /
Mención de responsabilidad, etc. Manuel Pérez Bua.
260 ## - PUBLICACIÓN, DISTRIBUCIÓN, ETC.
Lugar de publicación, distribución, etc. Sevilla :
Nombre del editor, distribuidor, etc. Francisco de P. Díaz,
Fecha de publicación, distribución, etc. 1911.
300 ## - DESCRIPCIÓN FÍSICA
Extensión 61 p. ;
Dimensiones 22 cm.
502 ## - NOTA DE TESIS
Nota de tesis Tesis doctoral.
852 ## - LOCALIZACIÓN
Ubicación ES-MaACL
Número de control de estantería T-1311-F-5
852 ## - LOCALIZACIÓN
Ubicación ES-MaACL
Número de control de estantería T-1223-F-4
Existencias
Estatus retirado Estado de pérdida Estado de daño No para préstamo Colección Biblioteca de origen Biblioteca actual Ubicación en estantería Fecha de adquisición Fuente de adquisición Total de préstamos Signatura topográfica completa Código de barras Visto por última vez Precio de reemplazo Tipo de ítem Koha
        Colección de folletos Biblioteca del Ateneo de Madrid Biblioteca del Ateneo de Madrid Depósito folletos 17/01/2008     T-1223-F-4 1123717 23/02/2023 23/02/2023 Folleto
        Colección de folletos Biblioteca del Ateneo de Madrid Biblioteca del Ateneo de Madrid Depósito folletos 17/01/2008     T-1311-F-5 1123716 23/02/2023 23/02/2023 Folleto